Razas ovinas y caprinas en el Instituto de Investigaciones Agropecuarias
Sábháilte in:
| Príomhchruthaitheoir: | |
|---|---|
| Formáid: | LEABHAR |
| Teanga: | Spáinnis |
| Foilsithe / Cruthaithe: |
Santiago
Ministerio de Agricultura
2004
Santiago INIA 2004 |
| Sraith: | Boletín INIA, 127
|
| Ábhair: | |
| Clibeanna: |
Cuir clib leis
Níl clibeanna ann, Bí ar an gcéad duine le clib a chur leis an taifead seo!
|
MARC
| LEADER | 00000nam a2200000 a 4500 | ||
|---|---|---|---|
| 001 | UCK4496 | ||
| 003 | CL-VaPUC | ||
| 008 | 050610e20040000cl |||||||||||||||||spa|d | ||
| 082 | 0 | 4 | |a 636.3 |b MUJ |2 21 |
| 100 | |a Mujica Castillo, Fernando |e autor |9 502019 | ||
| 245 | 1 | 0 | |a Razas ovinas y caprinas en el Instituto de Investigaciones Agropecuarias |
| 300 | |a 88 p | ||
| 942 | |c BK | ||
| 945 | |d 20050610 00:00:00 |a cmena | ||
| 260 | |a Santiago |b Ministerio de Agricultura |c 2004 | ||
| 260 | |a Santiago |b INIA |c 2004 | ||
| 650 | 7 | |a OVEJAS |2 CL-VaPUC |9 393979 | |
| 650 | 7 | |a CABRAS |2 CL-VaPUC |9 264456 | |
| 650 | 7 | |a GANADO OVINO |2 CL-VaPUC |9 402899 | |
| 650 | 7 | |a GANADO CAPRINO |2 CL-VaPUC |9 493007 | |
| 650 | 0 | |a Razas |9 326658 | |
| 583 | |a last modification |c 20171123 12:18:51 |k Rodrigo Vera | ||
| 490 | 0 | |a Boletín INIA, 127 | |
| 999 | |c 313329 |d 313327 | ||
| 952 | |0 0 |1 0 |4 0 |6 636_300000000000000_MUJ_2004_2004 |7 0 |8 A |9 384617 |a BIBAGR |b BIBAGR |d 2019-11-22 |i 4136748 |o 636.3 MUJ 2004 2004 |p 4136748 |r 2025-01-20 |w 2019-11-22 |y BK |k AGR | ||